| 000 | 01012nam a2200313 i 4500 | ||
|---|---|---|---|
| 999 |
_c6907 _d6907 |
||
| 001 | 5747 | ||
| 003 | GBCCL | ||
| 005 | 20241126110615.0 | ||
| 008 | 770210s1976 nyua d 00100 eng | ||
| 010 | _a 76023541 | ||
| 020 | _c$11.97 | ||
| 035 | _aOCM03003783 | ||
| 040 |
_aDLC _cDLC _dm.c. _dLBB |
||
| 049 | _aLBBQ | ||
| 050 | 0 |
_aRC81 _b.R28 1976 |
|
| 082 |
_a613 _bREA |
||
| 092 |
_a610 _bR286, 1976 |
||
| 245 | 0 | 0 |
_aReader's digest family health guide and medical encyclopedia / _cbased on the medical writings of Benjamin F. Miller. |
| 250 | _aNew, rev. ed. | ||
| 260 | 0 |
_aNew York : _bReader's Digest Association, _cc1976. |
|
| 300 |
_a639 p. : _bill. ; _c26 cm. |
||
| 500 | _aOn spine: Family health guide and medical encyclopedia. | ||
| 500 | _aIncluded index. | ||
| 650 | 0 |
_aMedicine, Popular. _912325 |
|
| 650 | 0 |
_aMedicine, Popular _xDictionaries. _99218 |
|
| 700 | 1 | 0 |
_aMiller, Benjamin Frank, _d1907-1971. _912326 |
| 740 | 1 | _aFamily health guide and medical encyclopedia. | |
| 942 |
_2ddc _cREF |
||